| 000 | 00670cab a2200193 4500 | ||
|---|---|---|---|
| 001 | WB2610-34 | ||
| 008 | 090401t1990 xxu||||| |||| 00| 0 eng d | ||
| 035 | _a(Sirsi) u3558 | ||
| 041 | _aeng | ||
| 245 | _aDiscontinuance notices served on adverts | ||
| 260 | _c1990 | ||
| 350 | _a0 | ||
| 490 |
_aEGCS _v(1990) 24 |
||
| 520 | _aIn Swishbrook Ltd v SOS for the Environment and another CA 23 February 1990 an appeal against the service of discontinuance notices requiring the removal of advertisement panels was dismissed. | ||
| 650 | _aCONTROL OF ADVERTISEMENTS REGULATIONS 1984 | ||
| 690 | _aPLANNING LAW AND PRACTICE-CASE LAW | ||
| 942 | _n0 | ||
| 948 | _c04/03/1997 | ||
| 999 |
_c2190 _d2190 |
||